000 05834cam a22019574i 4500
003 PE-LiUPU
005 20250813165411.0
008 170207s2016 sp a rb 001 0 spa d
020 _a849113011X
020 _a9788491130116
035 _a(Sirsi) a166785
040 _aPE-LiUPU
_bspa
_cPE-LiUPU
_erda
049 _aPRUA
082 0 4 _a610.072
_bG82
_221
100 1 _aGrove, Susan K.,
_eautor.
245 1 0 _aInvestigación en enfermería :
_bdesarrollo de la práctica enfermera basada en la evidencia /
_cSusan K. Grove, Jennifer R. Gray, Nancy Burns.
250 _aSexta edición.
264 1 _aBarcelona :
_bElsevier,
_c2016.
300 _axii, 531 páginas :
_bilustraciones ;
_c24 centímetros
336 _atext
_2rdacontent
337 _aunmediated
_2rdamedia
338 _avolume
_2rdacarrier
504 _aBibliografía al final de cada capítulo.
504 _aÍndices: páginas 515-531.
505 0 _aIntroducción a la investigación en enfermería y la práctica basada en la evidencia -- Introducción a la investigación cuantitativa -- Introducción a la investigación cualitativa -- Análisis de la ética en investigación en enfermería -- Problemas, objetivos e hipótesis de investigación -- Comprensión y valoración crítica de la revisión bibliográfica -- Comprensión de la teoría y los marcos de investigación cuantitativa -- Análisis de poblaciones y muestras en investigación -- Clarificación de la medición y recogida de datos en investigación cuantitativa -- Consideraciones sobre las estadísticas en investigación -- Valoración crítica de la investigación cuantitativa y cualitativa para la práctica enfermera -- Creación de una práctica enfermera basada en la evidencia -- Investigación de resultados.
526 _aP203
526 _aP200
526 _aSEG65
526 _aSEG64
526 _aSEG63
526 _aSEG62
526 _aSEG61
526 _aSEG60
526 _aSEG59
526 _aSEG58
526 _aSEG57
526 _aSEG56
526 _aSEG55
526 _aSEG54
526 _aSEG53
526 _aSEG52
526 _aSEG51
526 _aSEG50
526 _aSEG49
526 _aSEG48
526 _aSEG47
526 _aSEG46
526 _aSEG24
526 _aSEG23
526 _aSEG22
526 _aSEG21
526 _aSEG20
526 _aSEG19
526 _aSEG18
526 _aSEG17
526 _aSEG16
526 _aSEG14
526 _aSEG13
526 _aSEG12
526 _aSEG11
526 _aSEG10
526 _aSEG09
526 _aSEG06
526 _aSEG05
526 _aSEG04
526 _aSEG03
526 _aSEG02
526 _aSEG68
526 _aSEG66
526 _aSEG45
526 _aSEG25
526 _aSEG01
526 _aP163
526 _aP162
526 _aP161
526 _aP160
526 _aP159
526 _aP158
526 _aP157
526 _aP156
526 _aP155
526 _aP154
526 _aP153
526 _aP152
526 _aP151
526 _aP150
526 _aP149
526 _aP142
526 _aP141
526 _aP140
526 _aP139
526 _aP138
526 _aP137
526 _aP132
526 _aP131
526 _aP130
526 _aP126
526 _aP125
526 _aP124
526 _aP123
526 _aP115
526 _aP122
526 _aP121
526 _aP116
526 _a P114
526 _aP112
526 _aP111
526 _aP104
526 _aP103
526 _aP102
526 _aP101
526 _aP100
526 _aP96
526 _aP95
526 _aP93
526 _aP92
526 _aP91
526 _aP88
526 _aP83
526 _aP82
526 _aP79
526 _aP78
526 _aP75
526 _aP74
526 _aP71
526 _aP69
526 _a P51
526 _aP49
526 _aP48
526 _aP47
526 _aP33
526 _aP31
526 _a P30
526 _aP29
526 _aP27
526 _aP26
526 _aP25
526 _aP24
526 _a P22
526 _aP10
526 _aP09
526 _a P08
526 _aP06
526 _aP05
526 _aP04
526 _aP01
541 _g044-00000055;
541 _gE001-8;
650 0 4 _aEnfermería
_xMetodología.
650 0 4 _aInvestigación.
700 1 _aGray, Jennifer,
_eautor.
700 1 _aBurns, Nancy,
_eautor.
910 _ajck
_bjvq
_chop
910 _ajck
_bjvq
_cjpc
_d20170710
910 _admb
_bksl
_cksl
_d20180530
910 _abgr
_bjpc
_cjpc
_d20190726
942 _2ddc
_cBOOK
994 _aC0
_bPEPRU
596 _a1
999 _a610.072 G82
_wDEWEY
_c15524
_i75688
_f2021-11-3
_g5
_lCCODEBUL1
_mBUL
_p64.30
_r0
_sY
_tBOOK
_u2017-2-7
_xSALUD
_zP22
_0COMPRA
_o.STAFF. Colección Ciencias de la Salud
_d15524
999 _a610.072 G82
_wDEWEY
_c2
_i76457
_d2018-3-13
_e2018-3-8
_f2021-11-3
_g4
_lCCODEBUL1
_mBUL
_n1
_p49.00
_r0
_sY
_tBOOK
_u2017-7-10
_xSALUD
_zP22
_0COMPRA
_o.STAFF. Colección Ciencias de la Salud
999 _a610.072 G82
_wDEWEY
_c3
_i78518
_d2018-11-14
_f2021-11-3
_g4
_lCCODEBUL1
_mBUL
_p62.86
_q1
_r0
_sY
_tBOOK
_u2018-5-30
_xSALUD
_zP22
_0COMPRA
_1FCOMPRA
_o.STAFF. Colección Ciencias de la Salud
999 _a610.072 G82
_wDEWEY
_c4
_i80423
_f2021-11-3
_g3
_lCCODEBUL1
_mBUL
_p61.00
_r0
_sY
_tBOOK
_u2019-7-26
_xSALUD
_zESPECIALI
_0COMPRA
_1FCOMPR3
_o.STAFF. Colección Ciencias de la Salud
980 _81
_gALBERTO SANCHEZ Responsable de Automatización